|
|
|
|
| LEADER |
00601nam a2200181 a 4500 |
| 001 |
000592917 |
| 003 |
CZ BrMZK |
| 005 |
20020402083530.0 |
| 008 |
020402s1981 xr f cze d |
| 040 |
|
|
|a BOA001
|b cze
|c BOA001
|
| 080 |
|
|
|a 084:947"19":92Brežněv
|2 MRF
|
| 100 |
1 |
|
|a Brežnev, Leonid Il'jič,
|d 1906-1982
|7 jn19990210130
|4 hnr
|
| 245 |
1 |
0 |
|a Leonid Iljič Brežněv :
|b fotonástěnka
|
| 260 |
|
|
|a Praha :
|b Svoboda,
|c 1981
|
| 300 |
|
|
|a 8 volných l. v obalu
|
| 910 |
|
|
|a BOA001
|b 5-0841.151
|
| 990 |
|
|
|a BK
|
| 996 |
6 |
|
|b BC-20718
|c 5-0841.151
|l MZK
|r Sklad / do 1 hodiny
|n 0
|w 000592917
|u 000010
|a 1
|e BOA001
|j MZK50
|s P
|